000 00924nam a2200253Ia 4500
003 OSt
005 20221005102824.0
006 a|||||r|||| 00| 0
007 ta
008 221004b |||||||| |||| 00| 0 hin d
024 _a109215
037 _cTextual
040 _aCRL
_cCRL
_bhin
041 _2hin
_ahin
082 _aO44,3:g(V), 152L6
100 _aबरूवा, विरिंचकुमार
245 0 _aभारतीय साहित्य में ऐतिहासिक उपन्यास
246 _aBhāratīya sāhitya mean aitihāsik upanyāsa
260 _aआगरा
_bअगरा विश्वविद्यालय भारत
_c1976
300 _a90पृ0
_ccm.
650 _aहिन्दी साहित्य
942 _hO44,3:g(V), 152L6
_cTEXL
_2cc
999 _c1008998
_d1008998